| 000 | 00699cam2a220021700 4500 | ||
|---|---|---|---|
| 001 | qcf00241864 | ||
| 005 | 20190830120912.0 | ||
| 008 | 761028s1967 po 000 0 por | ||
| 010 | _a 68011916 | ||
| 035 | _a(Sirsi) r29158 | ||
| 035 | _a(QCAT)lss01404289 | ||
| 035 | _a(UPRA)qcf00241864 | ||
| 040 | _dUPRA | ||
| 050 | 0 |
_aDT613.4 _b.B36X 1967 |
|
| 100 | 1 |
_aBarbosa, Alexandre. _6A93481.1 |
|
| 245 | 1 | 0 |
_aGuineus : _bcontos, narrativas, cronicas. |
| 260 |
_aLisboa : _bAg^encia-Geral do Ultramar, _c1967. |
||
| 651 | 0 |
_aGuinea-Bissau -- Social life and customs. _xGuinea-Bissau -- Social life and customs. _6S67017.1 |
|
| 949 |
_aDT613.4 _wlcc _i-31828 _mMAIN _tBOOK _lON-SHELF |
||
| 004 | 29158 | ||
| 999 |
_c196531 _d196531 |
||